000 00522nam a22001817a 4500
005 20251108175136.0
008 250721s2011 xx 000 0 ara d
082 1 4 _a791.43/ضبع
100 1 _aالضبع، رفعت عارف
245 1 0 _aالسيناريو /
246 1 1 _aSCRIPT
264 1 _aالقاهرة :
_bدار الفجر للنشر والتوزيع،
_c2011.
300 _a329 ص.
650 1 7 _aالسيناريوهات
650 1 7 _aالنصوص الأدبية
942 _2ddc
_cBK
999 _c127175
_d127175